Statistics for Country Shapes in the World Map (Slightly Harder) #1

Click here to take the quiz!

General Stats

  • This quiz has been taken 3,152 times
  • The average score is 18 of 20

Answers on the Map

Answers color-coded by a green-red scale on the quiz's map according to % correct below.
 

Answer Stats

Country% Correct
Mongolia
98%
Venezuela
98%
Bolivia
97%
Tunisia
96%
Laos
94%
Latvia
94%
Nicaragua
94%
Ukraine
94%
Bangladesh
93%
Eritrea
92%
Guatemala
92%
Niger
92%
Austria
91%
Haiti
90%
Azerbaijan
88%
Slovakia
87%
Zambia
87%
Uganda
86%
Tajikistan
82%
Sierra Leone
81%

Score Distribution

Percentile by Number Answered

Percent of People with Each Score

Your Score History

You have not taken this quiz